Airline competition = deregulation's mixed legacy

Αποθηκεύτηκε σε:
Λεπτομέρειες βιβλιογραφικής εγγραφής
Κύριος συγγραφέας: Williams, George 1948-
Μορφή: Βιβλίο
Γλώσσα:English
Δημοσίευση: Aldershot, Hants, England : Bulrlington, VT, USA : Ashgate, c2002
Θέματα:
Ετικέτες: Προσθήκη ετικέτας
Δεν υπάρχουν, Καταχωρήστε ετικέτα πρώτοι!

MARC

LEADER 00000nam a2200000 i 4500
001 1/49485
008 070906s2002 eng d
020 |a 0-7546-1355-0 (hbk.) 
035 |l 10089198 
040 |a GR-MY-UA  |b gre  |e aacr 
041 0 |a eng 
082 0 |a 387.71  |2 (22) 
100 1 |a Williams, George  |d 1948- 
245 1 0 |a Airline competition =  |b deregulation's mixed legacy /  |c George Williams 
260 |a Aldershot, Hants, England :   |a Bulrlington, VT, USA :   |b Ashgate,   |c c2002 
300 |a xii, 176 σ.;  |b διαγ., πίν.;  |c 24 εκ. 
504 |a Περιλαμβάνει ευρετήριο 
650 0 0 |a Aeronautics, Commercial  |x Deregulation. 
650 0 0 |a Competition. 
650 0 0 |a Airlines  |x Management. 
852 |a INST  |b CHIOS  |e 20070727  |h 387.71 WIL  |p 005200025860  |q 005200025860  |t BK  |y 0 
901 |a BIBL2-2007-3 
909 |a Χ  |b 137027 
922 |a 2ΕΛΗ  |b 200707  |c ΕΠΕΑΕΚ2/ΤΝΕΥ  |d ΠΑΠΑΣΩΤΗΡΙΟΥ 
970 |a ΒΑΡΦΗΣ  |b ΒΑΓΓΕΛΗΣ  |z 2007/09/06